Crisis - Central Europe and reform of the state
Kríza v strednej Európe a reforma štátu. Predefinovanie funkcie štátu na zvládnutie dôsledkov krízy a prevenciu potenciálnych ekonomických kríz, ktoré by sa mohli znova vrátiť. Nové úlohy štátu v snahe zabrániť návratu krízy. Domáca spotreba, systém sociálnej bezpečnosti, financovanie výskumu a vývo...
Salvato in:
| Autore principale: | |
|---|---|
| Altri autori: | |
| Natura: | Capitolo di libro |
| Lingua: | inglese |
| Soggetti: | |
| Tags: |
Nessun Tag, puoi essere il primo ad aggiungerne!!
|
MARC
| LEADER | 00000naa$a2200000$$$4500 | ||
|---|---|---|---|
| 001 | 0146277 | ||
| 005 | 20240502083337.2 | ||
| 041 | 0 | |a eng | |
| 044 | |a PL | ||
| 245 | 1 | 0 | |a Crisis - Central Europe and reform of the state |c Peter Staněk |
| 520 | |a Kríza v strednej Európe a reforma štátu. Predefinovanie funkcie štátu na zvládnutie dôsledkov krízy a prevenciu potenciálnych ekonomických kríz, ktoré by sa mohli znova vrátiť. Nové úlohy štátu v snahe zabrániť návratu krízy. Domáca spotreba, systém sociálnej bezpečnosti, financovanie výskumu a vývoja, ekológia. Predefinovanie kompetencií centrálnej a miestnej správy. | ||
| 610 | 2 | 0 | |a štát |
| 610 | 2 | 0 | |a kríza hospodárska |
| 610 | 2 | 0 | |a spotreba |
| 610 | 2 | 0 | |a výskum |
| 610 | 2 | 0 | |a vývoj |
| 610 | 2 | 0 | |a ekológia |
| 610 | 2 | 0 | |a správa štátna |
| 610 | 2 | 0 | |a správa miestna |
| 610 | 2 | 0 | |a stredná Európa |
| 100 | 1 | |a Staněk, Peter | |
| 700 | 1 | |a Sivák, Rudolf, 1955- | |